Prostredia vytvárania software

Salvato in:
Dettagli Bibliografici
Autore principale: Zajko, Marián
Ente Autore: Vysoká škola ekonomická v Bratislave. Fakulta riadenia
Natura: Libro
Lingua:slovacco
Pubblicazione: Bratislava VŠE 1991
Edizione:1. vyd.
Tags: Aggiungi Tag
Nessun Tag, puoi essere il primo ad aggiungerne!!

MARC

LEADER 00000nam a2200000 4500
001 c024156
005 20221214094711.0
041 0 |a slo 
044 |a SK 
245 1 0 |a Prostredia vytvárania software  |c Marián Zajko 
250 |a 1. vyd. 
264 1 |a Bratislava  |b VŠE  |c 1991 
300 |a 191 s. 
100 1 |a Zajko, Marián 
710 2 |a Vysoká škola ekonomická v Bratislave. Fakulta riadenia